000 01356naa a22001937a 4500
005 20250321200239.0
007 ta
008 231108t20232023|||bo||| ||||u10| 0 spa d
040 _aCECAUCV
_cCECAUCV
041 _aspa
110 _aFundación Escuela Venezolana de Planificación
245 _aDerecho internacional humanitario y crisis en Gaza.
260 _aCaracas :
_bFundación Escuela Venezolana de Planificación ;
_c2023.
300 _a4 pp
500 _aMaterial sistematizado de la conferencia magistral dictada por Fadi Alzaben, embajador del Estado de Palestina acreditado en Venezuela, durante el Curso numero 65: Derecho Internacional Humanitario Y Crisis En Gaza, con la participación de 39.392 participantes inscritos de un acumulado de 2.732.862 participantes en los diversos cursos, en el contexto del Plan de Formación Masiva en Planificación Popular, impulsados por la Vicepresidencia Sectorial de Planificación y Ministerio del poder Popular de Planificación, a través de la Escuela venezolana de Planificación FEVP.
505 _rFadi Alzaben
_tContexto Histórico Conflicto Palestino–Israelí OLP Representante Legitima de la Causa Palestina Situación Actual Gaza
856 _3Descargar Artículo
_uhttp://biblioteca.fevp.gob.ve/cgi-bin/koha/opac-retrieve-file.pl?id=d342db23c642e71281e89426cdf4aeb2
942 _cANL
_2ddc
999 _c19060
_d19060